Posúdenie nautických podmienok v okolí Vodného diela Kolárovo 1D hydrodynamickým modelom a možnosti ich ovplyvnenia manipuláciou na hati VD Kolárovo
Salvato in:
| Autore principale: | |
|---|---|
| Altri autori: | |
| Natura: | Manoscritto Libro |
| Lingua: | slovacco |
| Pubblicazione: |
2015
|
| Soggetti: | |
| Accesso online: | http://is.stuba.sk/zp/portal_zp.pl?podrobnosti=100650 https://opac.crzp.sk/?fn=detailBiblioForm&sid=FF44C990A7CA883E4D8E5F929FD7 |
| Tags: |
Nessun Tag, puoi essere il primo ad aggiungerne!!
|
MARC
| LEADER | 00000ntm a22000003a 4500 | ||
|---|---|---|---|
| 001 | stuzp51554 | ||
| 003 | SK-STU | ||
| 005 | 20230809132521.5 | ||
| 007 | ta | ||
| 008 | 150427s2015----xo-----f-mn---000-0-slo-d | ||
| 040 | |a STU |b slo | ||
| 041 | 0 | |a slo | |
| 100 | 1 | |a Buček, Daniel |u 010170 |4 aut |U SvF Stavebná fakulta |T SvF Katedra hydrotechniky |X 57614 |U V170 |Y 17 |7 57614 | |
| 242 | 0 | 1 | |a Examination of nautical conditions of hydraulic structure Kolarovo carried through 1D hydrodynamic model and level of influence by handling of dam Kolarovo |y eng |
| 245 | 1 | 0 | |a Posúdenie nautických podmienok v okolí Vodného diela Kolárovo 1D hydrodynamickým modelom a možnosti ich ovplyvnenia manipuláciou na hati VD Kolárovo |
| 260 | |c 2015 | ||
| 650 | 4 | |a Vodné dielo Kolárovo |2 slo | |
| 650 | 4 | |a Váh |2 slo | |
| 650 | 4 | |a hydrodynamická simulácia |2 slo | |
| 650 | 4 | |a Hydraulic structure Kolárovo |2 eng | |
| 650 | 4 | |a river Váh |2 eng | |
| 650 | 4 | |a hydrodynami simulation |2 eng | |
| 700 | 1 | |a Orfánus, Martin |4 ths |X 19921 |7 A000019921 | |
| 856 | 4 | |u http://is.stuba.sk/zp/portal_zp.pl?podrobnosti=100650 | |
| 856 | 4 | |u https://opac.crzp.sk/?fn=detailBiblioForm&sid=FF44C990A7CA883E4D8E5F929FD7 | |
| SQL | |a stuzp51554 |b DBP |c SLO |d Posúdenie nautických podmienok v okolí Vodného diela Kolárovo 1D hydrodynamickým modelom a možnosti ich ovplyvnenia manipuláciou na hati VD Kolárovo |e 57614 |f Buček, Daniel |g 010170 |h 19921 |i Orfánus, Martin |j 20150622 |k 985 |l 01 |m http://is.stuba.sk/zp/portal_zp.pl?podrobnosti=100650 |n B-STOP |o 5.2.8. stavebníctvo, 6.4.1. vodné hospodárstvo | ||